Proteomics (Record no. 479898)

000 -LEADER
fixed length control field 00291nam a22001217a 4500
003 - CONTROL NUMBER IDENTIFIER
control field ASAB
005 - DATE AND TIME OF LATEST TRANSACTION
control field 20180827062558.0
008 - FIXED-LENGTH DATA ELEMENTS--GENERAL INFORMATION
fixed length control field 151110t xxu||||| |||| 00| 0 eng d
040 ## - CATALOGING SOURCE
Transcribing agency ASAB
100 ## - MAIN ENTRY--PERSONAL NAME
Personal name Agnieszka Kraj
9 (RLIN) 4135
245 ## - TITLE STATEMENT
Title Proteomics
Statement of responsibility, etc. Edited by Agnieszka Kraj
942 ## - ADDED ENTRY ELEMENTS (KOHA)
Source of classification or shelving scheme
Koha item type Book
Holdings
Withdrawn status Lost status Source of classification or shelving scheme Damaged status Not for loan Collection code Permanent Location Current Location Date acquired Total Checkouts Full call number Barcode Date last seen Date last checked out Price effective from Koha item type
            Atta-ur-Rahman School of Applied Biosciences (ASAB) Atta-ur-Rahman School of Applied Biosciences (ASAB) 11/10/2015 1 660.6 ASAB1441 08/17/2018 09/21/2017 11/10/2015 Reference
© 2023 Central Library, National University of Sciences and Technology. All Rights Reserved.